| 000 | 00586aam a2200217 4500 | ||
|---|---|---|---|
| 005 | 20161109112545.0 | ||
| 008 | 150312b xxu||||| |||| 00| 0 spa d | ||
| 041 | _aEspañol | ||
| 082 | _a150 A15p | ||
| 100 |
_aArauz Ramos, Sandra _919505 |
||
| 245 | _aPsicologia actual | ||
| 260 |
_aCosta Rica _bLehmann _c2005 |
||
| 300 | _a119 páginas | ||
| 650 |
_aPSICOLOGÍA _9229 |
||
| 650 |
_aDESARROLLO HUMANO _97971 |
||
| 650 |
_aORGANISMO _919506 |
||
| 650 |
_aCONDUCTA _94917 |
||
| 650 |
_aADAPTACIÓN DEL SER HUMANO _919507 |
||
| 650 |
_aCORRIENTES PSICOLOGICAS _919508 |
||
| 942 | _cBK | ||
| 999 |
_c2267 _d2267 |
||